Biggest Countries Outside of the Top Ten - Statistics

General Stats
  • This quiz has been taken 27 times
  • The average score is 13 of 15
Answer Stats
Hint Answer % Correct
17 Iran
96%
13 Mexico
96%
19 Peru
96%
25 Colombia
93%
16 Libya
93%
12 Saudi Arabia
93%
24 South Africa
93%
15 Sudan
93%
20 Chad
89%
14 Indonesia
89%
22 Angola
85%
21 Niger
85%
18 Mongolia
81%
23 Mali
74%
11 Democratic Republic of Congo
56%
No matching quizzes found
Score Distribution
Percent of People with Each Score
Percentile by Number Answered
Your Score History
You have not taken this quiz